Detalles MARC
| 000 -CABECERA |
| Longitud fija campo de control |
02016nam a2200373 i 4500 |
| 003 - • IDENTIFICADOR DELl NÚMERO DE CONTROL |
| Identificador del número de control |
CO-BoRNBP |
| 005 - • FECHA Y HORA DE LA ÚLTIMA TRANSACCIÓN |
| Fecha y hora de la última transacción |
20250307161426.0 |
| 007 - • CAMPO FIJO DE DESCRIPCIÓN FÍSICA |
| Campo fijo de descripción física |
ta |
| 008 - • CÓDIGOS DE INFORMACIÓN DE LONGITUD FIJA |
| Códigos de información de longitud fija |
231122s2023 ck |||er|||| 000 pbspa d |
| 020 ## - • NÚMERO INTERNACIONAL NORMALIZADO PARA LIBROS |
| Número Internacional Normalizado para Libros (ISBN) |
9789586657952 |
| 040 ## - FUENTE DE LA CATALOGACIÓN |
| Centro catalogador de origen |
CO-BoRNBP |
| Lengua de catalogación |
spa |
| Normas de descripción |
rda |
| Centro transcriptor |
CO-BoRNBP |
| 041 1# - • CÓDIGO DE LENGUA |
| Código de lengua del texto/banda sonora o título independiente |
spa |
| Código de lengua original |
eng |
| 043 ## - CÓDIGO DE ÁREA GEOGRÁFICA |
| Código de área geográfica |
n-us--- |
| 084 ## - • Clasificación Local Alfanúmerica PNLB |
| Número de clasificación |
P TRE12 |
| 100 1# - • PUNTO DE ACCESO PRINCIPAL-NOMBRE DE PERSONA |
| Nombre de persona |
Trethewey, Natasha, |
| Fechas asociadas al nombre |
1966- , |
| Término indicativo de función |
autora |
| 245 10 - • TITULO PROPIAMENTE DICHO |
| Título |
Thrall (Cautiverio) |
| Mención de responsabilidad, etc. |
Natasha Trethewey ; traducción y prólogo de Nieves García Prados |
| 250 ## - • MENCIÓN DE EDICIÓN |
| Mención de edición |
Edición especial para el Ministerio de las Culturas |
| 264 #1 - PRODUCCIÓN, PUBLICACIÓN , DISTRIBUCIÓN, FABRICACIÓN Y COPYRIGHT |
| Lugar de producción, publicación, distribución, fabricación |
Bogotá, Colombia |
| Nombre del productor, editor, distribuidor, fabricante |
Siglo del Hombre Editores |
| Fecha de de producción, publicación, distribución, fabricación o copyright |
2023 |
| 300 ## - • DESCRIPCIÓN FÍSICA |
| Extensión |
149 páginas |
| Dimensiones |
21 cm |
| 336 ## - TIPO DE CONTENIDO |
| Término de tipo de contenido |
texto |
| Código de tipo de contenido |
txt |
| Fuente |
rdacontenido |
| 337 ## - TIPO DE MEDIO |
| Nombre del tipo de medio |
sin mediación |
| Código del tipo de medio |
n |
| Fuente |
rdamedio |
| 338 ## - TIPO DE SOPORTE |
| Nombre del tipo de soporte |
volumen |
| Código del tipo de soporte |
nc |
| Fuente |
rdasoporte |
| 500 ## - • NOTA GENERAL |
| Nota general |
Libro en inglés y español. |
| 504 ## - • NOTA DE BIBLIOGRAFÍA, ETC |
| Nota de bibliografía, etc. |
Incluye bibliografía e índice |
| 520 3# - • NOTA DE RESUMEN |
| Resumen, etc, |
La historia de América ha estado llena de mestizaje, de cruce de fronteras, de integración de diversas culturas. Ninguna poeta representa esa historia como Natasha Trethewey.<br/><br/>Thrall es un libro construido de manera magistral ligando la experiencia personal con los libros de castas del siglo XVIII para ofrecer una visión global de las jerarquías, de las diferen- cias y de las desigualdades sociales.<br/><br/>Ganadora del Premio Pulitzer, Natasha Trethewey es una de las voces más influyentes de la poesía en lengua inglesa en la actualidad. En 2012, fue elegida Poeta Laureada del Congreso de Estados Unidos, reconocimiento que renovó al año siguiente.<br/><br/>(Tomado a partes del texto). |
| 521 ## - • NOTA DE PÚBLICO DESTINATARIO |
| Nota público destinatario (R ) |
Recomendado para un público adulto |
| 534 ## - • Nota De Versión Original |
| Título |
Thrall |
| 650 17 - • PUNTO DE ACCESO ADICIONAL DE MATERIA - TÉRMINO DE MATERIA |
| Término de materia o nombre geográfico como elemento inicial |
Poesía estadounidense |
| Subdivisión cronológica |
Siglo XX |
| Fuente del encabezamiento o término |
ARMARC |
| 650 17 - • PUNTO DE ACCESO ADICIONAL DE MATERIA - TÉRMINO DE MATERIA |
| Término de materia o nombre geográfico como elemento inicial |
Literatura estadounidense |
| Subdivisión cronológica |
Siglo XX |
| Fuente del encabezamiento o término |
ARMARC |
| 650 17 - • PUNTO DE ACCESO ADICIONAL DE MATERIA - TÉRMINO DE MATERIA |
| Término de materia o nombre geográfico como elemento inicial |
Desigualdad social en la literatura |
| Fuente del encabezamiento o término |
ARMARC |
| 650 17 - • PUNTO DE ACCESO ADICIONAL DE MATERIA - TÉRMINO DE MATERIA |
| Término de materia o nombre geográfico como elemento inicial |
Colonización en la literatura |
| Fuente del encabezamiento o término |
ARMARC |
| 700 1# - • PUNTO DE ACCESO ADICIONAL - NOMBRE DE PERSONA |
| Nombre de persona |
García Prados, Nieves, |
| Término indicativo de función |
traductora |
| 942 ## - ENTRADA DE ELEMENTOS AGREGADOS (KOHA) |
| Fuente de clasificaión o esquema |
|
| Koha [por defecto] tipo de item |
Libro Literatura |